00904nam a2200277Ia 450000500170000000800270001702000180004410000170006224500670007925000170014630000490016349000230021265000450023565000450028065000290032565000390035470000380039394200150043126400310044633600270047733700330050433800280053704000350056508400110060099900150061120220317000355.0141031s9999 ck 000 0 spa d a97860777812881 aKuper, Peter14aTeo y la nota azul cPeter Kuper ; traducción Eduardo Rabasa a1a edición a32 páginasbilustraciones en colorc23 cm. aSexto piso niños142LEMBaLiteratura infantil estadounidense142LEMBaCuentos infantiles estadounidenses142LEMBaNotación musical142LEMBaMúsicavCuentos infantiles1 aRabasa, Eduardoetraductor915898 2loccBKINF aMéxicobSexto pisoc2012 atextobtxt2rdacontent asin mediaciónbn2rdamedia avolumenbnc2rdacarrier aCO-BoRNBPbspaerdacCO-BoRNBP aC KUP1 c3864d3864